|
|
|
|
| LEADER |
01216nam a2200265 a 4500 |
| 001 |
2121504 |
| 008 |
091210s1996 bg ab b f100 0 eng d |
| 010 |
|
|
|a 96903589
|
| 020 |
|
|
|a 9845100074
|
| 040 |
|
|
|a DLC
|c DLC
|d BD-DhAAL
|
| 082 |
0 |
4 |
|a 339.46095492
|2 21
|
| 245 |
0 |
4 |
|a The urban poor in Bangladesh /
|c edited by Nazrul Islam.
|
| 260 |
|
|
|a Dhaka :
|b Centre for Urban Studies,
|c 1996.
|
| 300 |
|
|
|a viii, 123 p. :
|b ill., map ;
|c 23 cm.
|
| 500 |
|
|
|a "On the occasion of the Second United Nations Conference on Human Settlements: Habitat II, Istanbul, Turkey, 30 May-14 June 1996"--T.p. verso.
|
| 504 |
|
|
|a Includes bibliographical references (p. 104-120).
|
| 541 |
1 |
|
|e 00006956
|
| 650 |
|
0 |
|a Urban poor
|z Bangladesh
|x Congresses.
|
| 650 |
|
0 |
|a Urban policy
|z Bangladesh
|x Congresses.
|
| 700 |
1 |
|
|a Islam, Nazrul.
|
| 710 |
2 |
|
|a University of Dhaka.
|b Centre for Urban Studies.
|
| 711 |
2 |
|
|a United Nations Conference on Human Settlements
|n (2nd :
|d 1996 :
|c Istanbul, Turkey)
|
| 852 |
4 |
|
|a Ayesha Abed Library
|j General Shelf.
|
| 999 |
|
|
|c 6171
|d 6171
|
| 952 |
|
|
|0 0
|1 0
|2 ddc
|4 0
|6 339_460954920000000_URB_1996
|7 0
|9 6174
|a BRACUL
|b BRACUL
|c GEN
|d 2009-12-17
|g 200.00
|l 0
|o 339.46095492 URB
|p 3010006956
|r 2010-12-20
|t 1
|v 400.00
|w 2009-12-17
|y BK
|